Statistics for 2022 Soccer Winter Transfer Window Deals

Click here to take the quiz!

General Stats

  • This quiz has been taken 101 times
  • The average score is 8 of 11

Answer Stats

Old TeamNew TeamName% Correct
PortoLiverpoolLuis Diaz
90%
Atletico MadridNewcastle UnitedKieran Trippier
86%
River PlateManchester CityJulian Alvarez
83%
Manchester CityBarcelonaFerran Torres
81%
FiorentinaJuventusDusan Vlahovic
80%
BarcelonaAston VillaPhilippe Coutinho
80%
Free AgentBrentfordChristian Eriksen
78%
Manchester UnitedSevillaAnthony Martial
73%
ArsenalBarcelonaPierre-Emerick Aubameyang
68%
TottenhamEvertonDele Alli
57%
EvertonAston VillaLucas Digne
57%

Score Distribution

Percentile by Number Answered

Percent of People with Each Score

Your Score History

You have not taken this quiz